00611nam a2200205Ia 450000500170000000800410001702000290005804000190008704100120010608200150011810000270013324500700016025000120023026000540024230000100029650400500030665000160035665100230037285000100039520221028103237.0140110s9999 xx 000 0 und d a9788178298986cRs.325.00 aLoreto College aEnglish a158.3bNEL aNelson-Jones, Richard  aBasic counselling skillsbA helper's manualcRichard Nelson-Jones a2nd ed. aNew delhibSage Publications India Pvt.Ltd.c2008 a193p. aIncludes bibliographical references and index aCounselling aCounselling Skills aLCLIB